Le classement des régions "Le monument préféré des Français" - Statistiques

Statistiques générales
  • Ce quiz a été pris 11 fois
  • Le résultat moyen est 11 sur 14
Statistiques - réponses
Classement général Meilleure place Moins bonne place Région % Correct
1 1 9 Grand Est
100%
14 10 14 Corse
90%
8 5 11 PACA
90%
3 1 9 Auvergne-Rhône-Alpes
80%
6 3 12 Bretagne
80%
1 1 7 Hauts-de-France
80%
13 10 13 Ile-de-France
80%
4 2 13 Normandie
80%
7 3 13 Nouvelle-Aquitaine
80%
9 3 10 Occitanie
80%
5 1 12 Bourgogne-Franche-Comté
70%
11 4 13 Centre-Val-de-Loire
70%
10 1 14 Pays-de-la-Loire
70%
12 3 13 Outre-Mer (7 éditions)
0%
Aucun quiz correspondant
Distribution des résultats
% des personnes avec chaque résultat
Percentile par nombre de réponses
Votre historique - résultats
Vous n’avez pas pris ce quiz